[Event "CZE-chT2F 2223"]
[Site "Czech Republic"]
[Date "2023.03.26"]
[Round "11"]
[White "Malcanek, Jan"]
[Black "Socha, Jaromir"]
[Result "1-0"]
[WhiteElo "2001"]
[BlackElo "1873"]
[PlyCount "95"]
[EventDate "2022.10.16"]
[EventType "team-tourn"]
[EventRounds "11"]
[EventCountry "CZE"]
[SourceTitle "EXT 2024"]
[Source "ChessBase"]
[SourceDate "2023.10.10"]
[SourceVersion "1"]
[SourceVersionDate "2023.10.10"]
[SourceQuality "1"]
[WhiteTeam "Hostalkova II"]
[BlackTeam "Koprivnice Tatra"]
[WhiteTeamCountry "CZE"]
[BlackTeamCountry "CZE"]

1. b3 Nf6 2. Bb2 d5 3. Nf3 g6 4. Bxf6 exf6 5. e3 Bg7 6. d4 0-0 7. Bd3 Nc6 8. c3 Ne7 9. Nbd2 Bf5 10. Be2 Nc8 11. c4 dxc4 12. bxc4 Nd6 13. Nb3 c6 14. 0-0 Re8 15. a4 Bf8 16. Nfd2 Bh6 17. Qc1 Qc8 18. a5 Ne4 19. Nxe4 Bxe4 20. Nc5 Bf5 21. Qd2 Rb8 22. Rfc1 Bf8 23. Nb3 b6 24. axb6 axb6 25. Bf3 Be4 26. Bxe4 Rxe4 27. Ra7 Re7 28. Ra2 Ra8 29. Rca1 Rxa2 30. Rxa2 Rb7 31. Qc2 f5 32. Nc1 Qc7 33. Nd3 Bd6 34. g3 Ra7 35. Qb3 Qb7 36. Ra4 Qa8 37. Nb2 Rxa4 38. Nxa4 Bc7 39. Nxb6 Qa5 40. c5 Qe1+ 41. Kg2 h5 42. Na8 Ba5 43. Qb8+ Kh7 44. Qf8 Qb1 45. Qxf7+ Kh6 46. Qf8+ Kg5 47. f4+ Kg4 48. h3# 1-0

[Event "CZE-chT1E 2122"]
[Site "Czech Republic"]
[Date "2021.10.10"]
[Round "2.5"]
[White "Malcanek, Jan"]
[Black "Vrkota, Milos"]
[Result "0-1"]
[WhiteElo "2047"]
[BlackElo "2109"]
[PlyCount "110"]
[EventDate "2021.10.09"]
[EventType "team-tourn"]
[EventRounds "11"]
[EventCountry "CZE"]
[SourceTitle "EXT 2023"]
[Source "ChessBase"]
[SourceDate "2022.10.05"]
[SourceVersion "1"]
[SourceVersionDate "2022.10.05"]
[SourceQuality "1"]
[WhiteTeam "Hostalkova"]
[BlackTeam "Chotebor"]
[WhiteTeamCountry "CZE"]
[BlackTeamCountry "CZE"]

1. e4 c6 2. Nc3 d5 3. Nf3 dxe4 4. Nxe4 Nf6 5. Nxf6+ exf6 6. d4 Bd6 7. Qe2+ Qe7 8. Qxe7+ Bxe7 9. Be2 0-0 10. 0-0 Bf5 11. c3 Re8 12. Re1 Nd7 13. Bd2 Nf8 14. h3 Bd6 15. Bc4 Be6 16. Bf1 Bd7 17. Rxe8 Rxe8 18. Re1 Rxe1 19. Nxe1 Ne6 20. Nd3 Kf8 21. Be2 Ke7 22. Kf1 Ng5 23. Bf4 Ne4 24. Ke1 Be6 25. Bxd6+ Kxd6 26. Nc1 Kd7 27. Bd3 f5 28. Bxe4 fxe4 29. Kd2 f5 30. Ke3 g5 31. h4 gxh4 32. Kf4 Kd6 33. Kg5 h6+ 34. Kxh4 f4 35. Ne2 e3 36. fxe3 fxe3 37. Kg3 Bxa2 38. Kf4 Kd5 39. Kxe3 Kc4 40. Nc1 Bb1 41. Kd2 a5 42. b3+ Kd5 43. Ke3 b5 44. Ne2 a4 45. c4+ Ke6 46. bxa4 bxa4 47. Kd2 Kf5 48. Kc3 a3 49. Kb3 a2 50. Kb2 Bd3 51. Nc3 Bxc4 52. Nd1 Ke4 53. Nf2+ Kxd4 54. Ng4 h5 55. Nf6 h4 0-1

[Event "CZE-ch Betsys Online Blitz"]
[Site "Chess.com INT"]
[Date "2021.04.17"]
[Round "11"]
[White "Malcanek, Jan"]
[Black "Mareckova, Martina"]
[Result "0-1"]
[WhiteElo "2073"]
[BlackElo "2111"]
[PlyCount "64"]
[EventDate "2021.04.17"]
[EventType "swiss (blitz)"]
[EventRounds "13"]
[EventCountry "CZE"]
[SourceTitle "CBM 201 Extra"]
[Source "ChessBase"]
[SourceDate "2021.05.31"]
[SourceVersion "1"]
[SourceVersionDate "2021.05.31"]
[SourceQuality "1"]

1. e4 e5 2. Nf3 Nc6 3. Bb5 a6 4. Bxc6 dxc6 5. Qe2 f6 6. Na3 Ne7 7. c3 Ng6 8. d4 exd4 9. cxd4 Bb4+ 10. Kf1 Be6 11. Nc2 Be7 12. h3 0-0 13. g3 f5 14. e5 f4 15. g4 b5 16. b3 c5 17. Bb2 c4 18. Nd2 f3 19. Qe1 Nf4 20. Ne3 Nd3 21. Qb1 Bb4 22. Ne4 Qh4 23. Ng3 Bd2 24. Nd1 Bf4 25. Ba3 Rf7 26. Qc2 Bxg3 27. fxg3 Qxg3 28. Ne3 f2 29. Rd1 Qf3 30. Rxd3 cxd3 31. Qxd3 Qxh1+ 32. Ke2 Qe1# 0-1

[Event "CZE-ch Betsys Online Blitz"]
[Site "Chess.com INT"]
[Date "2021.04.17"]
[Round "5"]
[White "Malcanek, Jan"]
[Black "Nemec, Jachym"]
[Result "0-1"]
[WhiteElo "2073"]
[BlackElo "2193"]
[PlyCount "58"]
[EventDate "2021.04.17"]
[EventType "swiss (blitz)"]
[EventRounds "13"]
[EventCountry "CZE"]
[SourceTitle "CBM 201 Extra"]
[Source "ChessBase"]
[SourceDate "2021.05.31"]
[SourceVersion "1"]
[SourceVersionDate "2021.05.31"]
[SourceQuality "1"]

1. e4 c5 2. Nf3 d6 3. c3 Nf6 4. h3 Nc6 5. Bd3 e5 6. Bc2 c4 7. Na3 Be6 8. Qe2 d5 9. exd5 Qxd5 10. b3 cxb3 11. Nb5 0-0-0 12. axb3 Bc5 13. 0-0 e4 14. Ne1 a6 15. Na3 Ne5 16. b4 Bb6 17. b5 a5 18. Rb1 Rhe8 19. Bb3 Qd6 20. Nc4 Bxc4 21. Bxc4 Qc5 22. Ba2 Bc7 23. b6 Bb8 24. Rb5 Qd6 25. g3 Qc6 26. Ba3 Nd3 27. Nxd3 exd3 28. Qg4+ Nxg4 29. hxg4 Qxb5 0-1

[Event "CZE-ch Betsys Online Blitz"]
[Site "Chess.com INT"]
[Date "2021.04.17"]
[Round "7"]
[White "Malcanek, Jan"]
[Black "Petrova, Kristyna"]
[Result "1-0"]
[WhiteElo "2073"]
[BlackElo "2303"]
[PlyCount "69"]
[EventDate "2021.04.17"]
[EventType "swiss (blitz)"]
[EventRounds "13"]
[EventCountry "CZE"]
[SourceTitle "CBM 201 Extra"]
[Source "ChessBase"]
[SourceDate "2021.05.31"]
[SourceVersion "1"]
[SourceVersionDate "2021.05.31"]
[SourceQuality "1"]

1. e4 c5 2. Nf3 Nc6 3. Bb5 g6 4. 0-0 Bg7 5. Re1 e5 6. c3 Nge7 7. d3 0-0 8. Bg5 h6 9. Be3 d6 10. Nbd2 a6 11. Ba4 b5 12. Bb3 Kh7 13. a4 Bb7 14. Nf1 Na5 15. Bc2 f5 16. h3 f4 17. Bd2 Nac6 18. N1h2 Ng8 19. Qc1 Nf6 20. d4 cxd4 21. cxd4 Rc8 22. Qb1 bxa4 23. Bxa4 Nxd4 24. Nxd4 exd4 25. Bxf4 Bc6 26. Bc2 Bd7 27. e5 dxe5 28. Bxg6+ Kh8 29. Bxe5 Bb5 30. Qd1 d3 31. Qd2 Qd5 32. Qf4 Rc2 33. Ng4 Nxg4 34. Qxf8+ Qg8 35. Bxg7# 1-0

[Event "CZE-ch Betsys Online Blitz"]
[Site "Chess.com INT"]
[Date "2021.04.17"]
[Round "13"]
[White "Nepomucky, Ondrej"]
[Black "Malcanek, Jan"]
[Result "1/2-1/2"]
[WhiteElo "2144"]
[BlackElo "2073"]
[PlyCount "64"]
[EventDate "2021.04.17"]
[EventType "swiss (blitz)"]
[EventRounds "13"]
[EventCountry "CZE"]
[SourceTitle "CBM 201 Extra"]
[Source "ChessBase"]
[SourceDate "2021.05.31"]
[SourceVersion "1"]
[SourceVersionDate "2021.05.31"]
[SourceQuality "1"]

1. e4 c5 2. c3 Nc6 3. d4 cxd4 4. cxd4 d5 5. exd5 Qxd5 6. Nf3 Bg4 7. Be2 e6 8. Nc3 Qa5 9. d5 exd5 10. Qxd5 Bb4 11. Qxa5 Bxa5 12. 0-0 Nf6 13. Bg5 Bxc3 14. bxc3 Ne4 15. Be3 Nxc3 16. Bc4 Bxf3 17. gxf3 Ne5 18. Rac1 Nxc4 19. Rxc3 Ne5 20. Rc7 Nxf3+ 21. Kg2 Nh4+ 22. Kh3 Nf5 23. Bc5 b6 24. Re1+ Kd8 25. Rxf7 g6 26. Ba3 h5 27. Rd1+ Ke8 28. Rb7 Rg8 29. Re1+ Kd8 30. Rd1+ Ke8 31. Re1+ Kd8 32. Rd1+ Ke8 1/2-1/2

[Event "CZE-chT1E 1920"]
[Site "Czech Republic"]
[Date "2019.11.24"]
[Round "3.5"]
[White "Paseka, Matyas"]
[Black "Malcanek, Jan"]
[Result "1/2-1/2"]
[WhiteElo "1897"]
[BlackElo "2097"]
[PlyCount "105"]
[EventDate "2019.10.20"]
[EventType "team-tourn"]
[EventRounds "11"]
[EventCountry "CZE"]
[SourceTitle "CBM 193 Extra"]
[Source "ChessBase"]
[SourceDate "2020.01.31"]
[SourceVersion "1"]
[SourceVersionDate "2020.01.31"]
[SourceQuality "1"]
[WhiteTeam "Frydek Mistek II"]
[BlackTeam "Hostalkova"]
[WhiteTeamCountry "CZE"]
[BlackTeamCountry "CZE"]

1. e4 g6 2. d4 Bg7 3. Nc3 c6 4. Be3 d5 5. Be2 dxe4 6. Nxe4 Nd7 7. Nf3 Ngf6 8. Nxf6+ Nxf6 9. c4 0-0 10. 0-0 Qb6 11. Rb1 Bf5 12. Bd3 Bxd3 13. Qxd3 Rfd8 14. Qa3 Qc7 15. h3 e6 16. Rfd1 Nh5 17. b4 a6 18. Rbc1 h6 19. d5 exd5 20. cxd5 Nf6 21. dxc6 Rxd1+ 22. Rxd1 Qxc6 23. Rc1 Qe4 24. Bd4 Rd8 25. Qb2 Nh5 26. Bxg7 Nxg7 27. Re1 Qc6 28. Ne5 Qd5 29. Ng4 Nh5 30. Nxh6+ Kh7 31. Ng4 Qd4 32. Qb3 Rd7 33. Ne3 Qe4 34. Nc2 Qc6 35. Ne3 Qe4 36. Qa4 Rc7 37. Qb3 Rd7 38. a3 Nf4 39. f3 Qc6 40. Ng4 Qb6+ 41. Qe3 Qxe3+ 42. Rxe3 Kg7 43. Rb3 Rd2 44. Ne3 b5 45. h4 Kf6 46. Kf1 Ke5 47. g3 Nd3 48. Ng2 Kd4 49. Ne1 Nc1 50. Rb1 Ne2 51. g4 Ng3+ 52. Kg1 Ne2+ 53. Kf1 1/2-1/2

[Event "CZE-chT2E 1819"]
[Site "Czech Republic"]
[Date "2019.03.17"]
[Round "10.3"]
[White "Malcanek, Jan"]
[Black "Londin, Simon"]
[Result "1/2-1/2"]
[WhiteElo "2129"]
[BlackElo "2023"]
[PlyCount "181"]
[EventDate "2018.10.14"]
[EventType "team-tourn"]
[EventRounds "11"]
[EventCountry "CZE"]
[SourceTitle "EXT 2022"]
[Source "ChessBase"]
[SourceDate "2021.10.06"]
[SourceVersion "1"]
[SourceVersionDate "2021.10.06"]
[SourceQuality "1"]
[WhiteTeam "Zlin"]
[BlackTeam "Prostejov"]
[WhiteTeamCountry "CZE"]
[BlackTeamCountry "CZE"]

1. b3 d5 2. Bb2 Bg4 3. h3 Bh5 4. Nf3 Bxf3 5. exf3 Nf6 6. Qe2 c6 7. f4 Nbd7 8. g3 Qc7 9. Bg2 h5 10. d3 h4 11. Nd2 Nh5 12. Bf3 Nhf6 13. c4 dxc4 14. dxc4 0-0-0 15. 0-0-0 e6 16. Ne4 Be7 17. Ng5 Rdf8 18. Kb1 Ne8 19. Ne4 Rhg8 20. Qe3 a6 21. Rxd7 Qxd7 22. Rd1 Qc7 23. Be5 Qa5 24. Qd4 Nf6 25. Nxf6 Rd8 26. Nd7 c5 27. Qe4 Rxd7 28. Rxd7 Kxd7 29. Qxb7+ Ke8 30. Bc6+ Kf8 31. Qb8+ Qd8 32. Bb7 f6 33. Qxd8+ Bxd8 34. Bd6+ Be7 35. Bc7 Kf7 36. Bxa6 Ra8 37. Bb5 Rc8 38. Ba5 g5 39. fxg5 fxg5 40. g4 Bf6 41. a4 Ke7 42. Kc2 Kd6 43. Kd3 Bd4 44. f3 Rf8 45. Ke2 e5 46. Bd2 e4 47. fxe4 Rf2+ 48. Ke1 Rh2 49. Bxg5 Rxh3 50. a5 Bc3+ 51. Kf2 Bxa5 52. Bf4+ Ke6 53. Ba4 Bc3 54. Kg2 Rd3 55. Bc6 h3+ 56. Kh2 Be5 57. Bxe5 Kxe5 58. g5 Rxb3 59. g6 Kf6 60. Be8 Re3 61. Bf7 Kg7 62. e5 Rxe5 63. Kxh3 Rg5 64. Kh4 Rg1 65. Kh3 Kf6 66. Kh2 Rg5 67. Kh3 Kf5 68. Kh4 Rg1 69. Kh3 Rg5 70. Kh4 Kf4 71. Kh3 Rg4 72. Kh2 Rg3 73. Be8 Kf3 74. Bf7 Kf2 75. Be8 Rg4 76. Kh3 Rxc4 77. Bd7 Rd4 78. g7 Rd1 79. Kh4 Rd4+ 80. Kg5 Rd5+ 81. Kf6 Rxd7 82. g8Q Rd3 83. Qa2+ Ke3 84. Ke5 Rc3 85. Kd5 Kd3 86. Qb1+ Kd2 87. Qf1 Kc2 88. Qe2+ Kb3 89. Qd2 Rc2 90. Qxc2+ Kxc2 91. Kxc5 1/2-1/2

[Event "CZE-chT2E 1819"]
[Site "Czech Republic"]
[Date "2019.02.10"]
[Round "8.3"]
[White "Malcanek, Jan"]
[Black "Vrana, Frantisek"]
[Result "1-0"]
[WhiteElo "2129"]
[BlackElo "2256"]
[PlyCount "99"]
[EventDate "2018.10.14"]
[EventType "team-tourn"]
[EventRounds "11"]
[EventCountry "CZE"]
[SourceTitle "EXT 2022"]
[Source "ChessBase"]
[SourceDate "2021.10.06"]
[SourceVersion "1"]
[SourceVersionDate "2021.10.06"]
[SourceQuality "1"]
[WhiteTeam "Zlin"]
[BlackTeam "Stare Mesto II"]
[WhiteTeamCountry "CZE"]
[BlackTeamCountry "CZE"]

1. e4 e6 2. d4 d5 3. Nc3 Nf6 4. Bg5 Bb4 5. Nge2 dxe4 6. a3 Be7 7. Bxf6 gxf6 8. Nxe4 b6 9. Qd3 f5 10. N4c3 c6 11. 0-0-0 Nd7 12. g3 Bb7 13. Bg2 Qc7 14. h4 0-0-0 15. Qe3 Nf6 16. Nf4 Qd7 17. Rhe1 Rhg8 18. Qe2 Nd5 19. Ncxd5 cxd5 20. Bf1 Bc6 21. Qe3 Bd6 22. Nd3 Qc7 23. Ne5 Ba4 24. Qd3 Kb8 25. Rd2 Rc8 26. Kb1 Rg7 27. Bh3 Qb7 28. c3 Be8 29. Qe3 Bf8 30. Bf1 Ka8 31. Be2 b5 32. Nf3 Rg6 33. Ne5 Bh6 34. f4 Rg8 35. Nd3 Bf8 36. Rc1 a5 37. Rdc2 b4 38. cxb4 Rxc2 39. Rxc2 Ba4 40. Rc5 Bxc5 41. Nxc5 Qc6 42. Qd3 axb4 43. axb4 Rb8 44. Qa3 Rb7 45. b5 Qd6 46. Qxa4+ Ra7 47. Qb4 Rb7 48. Kc2 f6 49. Bh5 Rb6 50. Qa5+ 1-0

[Event "CZE-chT1E 1819"]
[Site "Czech Republic"]
[Date "2019.01.20"]
[Round "6.8"]
[White "Malcanek, Jan"]
[Black "Majocha, Piotr"]
[Result "0-1"]
[WhiteElo "2129"]
[BlackElo "1911"]
[PlyCount "114"]
[EventDate "2018.10.21"]
[EventType "team-tourn"]
[EventRounds "11"]
[EventCountry "CZE"]
[SourceTitle "CBM 188 Extra"]
[Source "ChessBase"]
[SourceDate "2019.02.26"]
[SourceVersion "1"]
[SourceVersionDate "2019.02.26"]
[SourceQuality "1"]
[WhiteTeam "Hostalkova"]
[BlackTeam "Rychnov nad Kneznou"]
[WhiteTeamCountry "CZE"]
[BlackTeamCountry "CZE"]

1. e4 e6 2. Qe2 c5 3. Nf3 Nc6 4. c3 d5 5. exd5 Qxd5 6. Na3 Qd8 7. Nc2 Nf6 8. g3 Be7 9. Bg2 0-0 10. d4 cxd4 11. Nfxd4 Nxd4 12. Nxd4 Bc5 13. Nb3 Bd6 14. 0-0 Qc7 15. Bg5 Be7 16. Rad1 Bd7 17. Bf4 Qb6 18. Qe3 Bc6 19. Qxb6 axb6 20. Nc1 Nd5 21. Be5 b5 22. Bd4 b4 23. c4 Nf6 24. Rfe1 Rfd8 25. b3 Nd7 26. Rd2 Nc5 27. Ree2 Bxg2 28. Kxg2 b6 29. f4 Bf6 30. Bxf6 gxf6 31. Kf3 f5 32. Ke3 f6 33. Rxd8+ Rxd8 34. Rd2 Rxd2 35. Kxd2 e5 36. Ke3 Kf7 37. Ne2 Ke6 38. Nc1 h5 39. Ne2 Ne4 40. h3 Nc5 41. h4 Ne4 42. Kd3 Kd6 43. Ke3 Ke7 44. Kd3 Ke6 45. Ke3 Kd6 46. Kd3 Kc5 47. Ke3 Nc3 48. Nxc3 bxc3 49. fxe5 fxe5 50. Kd3 Kb4 51. Kc2 f4 52. gxf4 exf4 53. a3+ Kxa3 54. Kxc3 f3 55. Kd2 Kxb3 56. Ke3 Kxc4 57. Kxf3 b5 0-1

[Event "CZE-chT1E 1718"]
[Site "Czech Republic"]
[Date "2018.01.07"]
[Round "5.1"]
[White "Kratochvil, Karel"]
[Black "Malcanek, Jan"]
[Result "1/2-1/2"]
[WhiteElo "2193"]
[BlackElo "2107"]
[PlyCount "123"]
[EventDate "2017.10.22"]
[EventType "team-tourn"]
[EventRounds "11"]
[EventCountry "CZE"]
[SourceTitle "EXT 2019"]
[Source "ChessBase"]
[SourceDate "2018.10.10"]
[SourceVersion "1"]
[SourceVersionDate "2018.10.10"]
[SourceQuality "1"]
[WhiteTeam "Brno Lokomotiva"]
[BlackTeam "Hostalkova"]
[WhiteTeamCountry "CZE"]
[BlackTeamCountry "CZE"]

1. d4 Nf6 2. c4 e6 3. g3 c5 4. Nf3 cxd4 5. Nxd4 a6 6. Bg2 Qc7 7. Nd2 Be7 8. 0-0 0-0 9. b3 Nc6 10. Bb2 d6 11. e4 Bd7 12. Qe2 Rac8 13. Rfd1 Rfd8 14. Nf1 b5 15. Ne3 Nxd4 16. Bxd4 Bc6 17. Rac1 Qb7 18. f3 bxc4 19. bxc4 Nd7 20. Rb1 Qa8 21. Nd5 exd5 22. exd5 Ba4 23. Qxe7 Bxd1 24. Rxd1 Rxc4 25. Bh3 Rxd4 26. Rxd4 Ne5 27. Rf4 Qb8 28. Bf5 g6 29. Be4 Re8 30. Qf6 Qd8 31. Qxd8 Rxd8 32. Bc2 Kf8 33. Ra4 Ra8 34. Kf2 Ke7 35. Rb4 Ra7 36. g4 Rc7 37. Be4 a5 38. Rb8 Rc4 39. g5 Ra4 40. Rb2 Kd7 41. Re2 Ra3 42. h4 Nd3+ 43. Kg3 Nb4 44. h5 Rxa2 45. Re1 Rd2 46. Ra1 Nxd5 47. Rxa5 Ke6 48. h6 Nc7 49. Ra7 Kd7 50. Rb7 Kc8 51. Rb3 d5 52. Bb1 Ne6 53. f4 Rd4 54. Rd3 Rxd3+ 55. Bxd3 Kd7 56. Kg4 Nc5 57. Bb1 Ne4 58. f5 gxf5+ 59. Kxf5 Nc3 60. Bd3 Ke7 61. Ke5 Ne4 62. Bxe4 1/2-1/2

[Event "CZE-chT1E 1718"]
[Site "Czech Republic"]
[Date "2017.11.26"]
[Round "3.2"]
[White "Malcanek, Jan"]
[Black "Pavelek, Karel"]
[Result "1-0"]
[WhiteElo "2107"]
[BlackElo "2138"]
[PlyCount "41"]
[EventDate "2017.10.22"]
[EventType "team-tourn"]
[EventRounds "11"]
[EventCountry "CZE"]
[SourceTitle "EXT 2019"]
[Source "ChessBase"]
[SourceDate "2018.10.10"]
[SourceVersion "1"]
[SourceVersionDate "2018.10.10"]
[SourceQuality "1"]
[WhiteTeam "Hostalkova"]
[BlackTeam "Opava KVS"]
[WhiteTeamCountry "CZE"]
[BlackTeamCountry "CZE"]

1. e4 e5 2. Nc3 Nf6 3. g3 d5 4. exd5 Nxd5 5. Nge2 Bg4 6. Bg2 Nxc3 7. bxc3 c6 8. Rb1 Bc5 9. Rxb7 Bb6 10. Ba3 Bd7 11. d4 Qc8 12. Rxd7 Qxd7 13. 0-0 Na6 14. Qd3 Nc7 15. Qc4 Nd5 16. dxe5 f6 17. Nf4 Rc8 18. exf6 Nxf4 19. fxg7 Qxg7 20. Bxc6+ Kd8 21. Rd1+ 1-0

[Event "CZE-chT2E 1617"]
[Site "Czech Republic"]
[Date "2017.03.19"]
[Round "10.3"]
[White "Rozumek, Vlastimil"]
[Black "Malcanek, Jan"]
[Result "0-1"]
[WhiteElo "2062"]
[BlackElo "2052"]
[PlyCount "66"]
[EventDate "2016.09.10"]
[EventType "team-tourn"]
[EventRounds "11"]
[EventCountry "CZE"]
[SourceTitle "EXT 2022"]
[Source "ChessBase"]
[SourceDate "2021.10.06"]
[SourceVersion "1"]
[SourceVersionDate "2021.10.06"]
[SourceQuality "1"]
[WhiteTeam "Vyskov"]
[BlackTeam "Hostalkova"]
[WhiteTeamCountry "CZE"]
[BlackTeamCountry "CZE"]

1. d4 Nf6 2. c4 e6 3. a3 c5 4. Nf3 cxd4 5. Nxd4 a6 6. Nc3 Qc7 7. e4 b6 8. Bd3 d6 9. 0-0 Nbd7 10. Be3 Bb7 11. Rc1 Rc8 12. f3 Be7 13. b4 0-0 14. Na4 Qb8 15. Qe2 Rfe8 16. Qf2 Bd8 17. Rfd1 d5 18. exd5 exd5 19. c5 bxc5 20. Nxc5 Ne5 21. Bxa6 Rxc5 22. Rxc5 Bxa6 23. b5 Bb6 24. Rc3 Bb7 25. Nb3 Neg4 26. fxg4 Nxg4 27. Qg3 Qxg3 28. hxg3 Nxe3 29. Rxe3 Rxe3 30. Nd4 Re4 31. Kh2 Rxd4 32. Re1 Kf8 33. Ra1 Ra4 0-1

[Event "CZE-chT2E 1617"]
[Site "Czech Republic"]
[Date "2017.01.29"]
[Round "7.4"]
[White "Balsinek, Pavel"]
[Black "Malcanek, Jan"]
[Result "1/2-1/2"]
[WhiteElo "2047"]
[BlackElo "2052"]
[PlyCount "141"]
[EventDate "2016.09.10"]
[EventType "team-tourn"]
[EventRounds "11"]
[EventCountry "CZE"]
[SourceTitle "EXT 2022"]
[Source "ChessBase"]
[SourceDate "2021.10.06"]
[SourceVersion "1"]
[SourceVersionDate "2021.10.06"]
[SourceQuality "1"]
[WhiteTeam "Prusanky Podluzan"]
[BlackTeam "Hostalkova"]
[WhiteTeamCountry "CZE"]
[BlackTeamCountry "CZE"]

1. e4 c5 2. Nf3 Nc6 3. d4 cxd4 4. Nxd4 Qb6 5. Nb3 Nf6 6. Nc3 e6 7. Be3 Qc7 8. Be2 Bb4 9. Qd3 d5 10. exd5 Nxd5 11. Bd2 Nxc3 12. Bxc3 0-0 13. 0-0 Ne5 14. Bxe5 Qxe5 15. c3 Be7 16. Rad1 Qc7 17. Bf3 a6 18. Rfe1 Rb8 19. c4 Rd8 20. Qe2 Bd7 21. Rc1 Ba4 22. Qe3 h6 23. Rc2 Rd7 24. Rd1 Rbd8 25. Rxd7 Rxd7 26. g3 Bg5 27. Qe2 Qb6 28. c5 Qb5 29. Qxb5 axb5 30. Rc3 Bf6 31. c6 bxc6 32. Rxc6 Bxb2 33. Nc5 Ra7 34. Be4 g6 35. Nxa4 Rxa4 36. Bd3 Rxa2 37. Rc2 Ra1+ 38. Kg2 Bd4 39. Bxb5 Kg7 40. h4 Rb1 41. Bd3 Rb7 42. Be2 Kf6 43. f4 h5 44. Bd3 Rb3 45. Bc4 Ra3 46. Be2 Kf5 47. Rd2 Ke4 48. Bb5 Ra5 49. Bf1 e5 50. Re2+ Kd5 51. fxe5 Bxe5 52. Rd2+ Ke4 53. Re2+ Kd5 54. Rd2+ Bd4 55. Be2 Ke4 56. Bc4 f5 57. Ra2 Rc5 58. Bf7 Rc6 59. Be8 Rf6 60. Rc2 Be5 61. Re2+ Kd4 62. Ra2 f4 63. gxf4 Bxf4 64. Ra4+ Ke3 65. Ra3+ Ke4 66. Ra4+ Ke5 67. Kf3 Rd6 68. Rc4 Bh6 69. Rc5+ Kf6 70. Rc6 Bf8 71. Rxd6+ 1/2-1/2

[Event "CZE-chT2E 1617"]
[Site "Czech Republic"]
[Date "2016.11.27"]
[Round "4.4"]
[White "Malcanek, Jan"]
[Black "Hladik, Josef"]
[Result "1-0"]
[WhiteElo "2052"]
[BlackElo "2112"]
[PlyCount "83"]
[EventDate "2016.09.10"]
[EventType "team-tourn"]
[EventRounds "11"]
[EventCountry "CZE"]
[SourceTitle "EXT 2022"]
[Source "ChessBase"]
[SourceDate "2021.10.06"]
[SourceVersion "1"]
[SourceVersionDate "2021.10.06"]
[SourceQuality "1"]
[WhiteTeam "Hostalkova"]
[BlackTeam "Brno Duras II"]
[WhiteTeamCountry "CZE"]
[BlackTeamCountry "CZE"]

1. e4 e6 2. d3 d5 3. Nd2 c5 4. Ngf3 Nc6 5. g3 g6 6. Bg2 Bg7 7. 0-0 Nge7 8. Re1 0-0 9. exd5 exd5 10. c3 b6 11. Nb3 a5 12. a4 Ra7 13. d4 c4 14. Nbd2 h6 15. b3 cxb3 16. Qxb3 Ba6 17. Ba3 Rb7 18. Rad1 Qb8 19. Re3 Rd8 20. Nh4 g5 21. Nhf3 b5 22. axb5 Bxb5 23. Qa2 Nf5 24. Ree1 Nd6 25. h4 Bc4 26. Nxc4 Nxc4 27. hxg5 hxg5 28. Nxg5 Rb3 29. Bc1 Rxc3 30. Qe2 Qd6 31. Qh5 Qg6 32. Qxg6 fxg6 33. Ne6 Rd7 34. Nc5 Rd6 35. Bf4 Nxd4 36. Bxd6 Nxd6 37. Bxd5+ Kh7 38. Ne6 Nxe6 39. Rxe6 Nf5 40. Kg2 Bf8 41. Rf6 Bc5 42. Rh1+ 1-0

[Event "CZE-chT2E 1617"]
[Site "Czech Republic"]
[Date "2016.11.13"]
[Round "3.4"]
[White "Horsak, Jan"]
[Black "Malcanek, Jan"]
[Result "1-0"]
[WhiteElo "2087"]
[BlackElo "2052"]
[PlyCount "57"]
[EventDate "2016.09.10"]
[EventType "team-tourn"]
[EventRounds "11"]
[EventCountry "CZE"]
[SourceTitle "EXT 2022"]
[Source "ChessBase"]
[SourceDate "2021.10.06"]
[SourceVersion "1"]
[SourceVersionDate "2021.10.06"]
[SourceQuality "1"]
[WhiteTeam "Stare Mesto II"]
[BlackTeam "Hostalkova"]
[WhiteTeamCountry "CZE"]
[BlackTeamCountry "CZE"]

1. c4 e5 2. g3 Nf6 3. Bg2 c6 4. Nf3 d6 5. 0-0 Be7 6. d3 Nbd7 7. Nc3 a5 8. a3 0-0 9. Rb1 Re8 10. b4 axb4 11. axb4 Bf8 12. Qc2 g6 13. Bb2 Bg7 14. Nd2 Nf8 15. Ra1 Rxa1 16. Rxa1 h5 17. b5 Bd7 18. bxc6 bxc6 19. Ra6 Qc7 20. Qa4 Ne6 21. Ba3 Nd4 22. Ra7 Qb8 23. e3 Nf5 24. Nde4 Be6 25. Nxf6+ Bxf6 26. Bxc6 Rd8 27. Nb5 Rc8 28. Qa6 Rxc6 29. Qxc6 1-0